| 000 | 00617nam a22002057a 4500 | ||
|---|---|---|---|
| 005 | 20251108173136.0 | ||
| 008 | 250721s2006 xx 000 0 ara d | ||
| 020 | _a9957180703 | ||
| 082 | 1 | 4 | _a658.8/صمي |
| 100 | 1 | _aالصميدعي، محمود جاسم | |
| 245 | 1 | 0 | _aمبادئ التسويق / |
| 264 | 1 |
_aعمان : _bدار المناهج للنشر و التوزيع، _c2006. |
|
| 300 | _a318ص. | ||
| 650 | 1 | 7 | _aالتسويق |
| 650 | 1 | 7 | _aإدارة المبيعات |
| 650 | 1 | 7 | _aإدارة الأعمال |
| 700 | 1 | _aالعلاق، بشير عباس | |
| 942 |
_2ddc _cBK |
||
| 999 |
_c97035 _d97035 |
||